| 000 | 00400nam a2200145Ia 4500 | ||
|---|---|---|---|
| 008 | 170224s9999 xx 000 0 und d | ||
| 100 | _aJoel Bakan | ||
| 245 | _aSocial marketing: thoughts from an empathetic outsider | ||
| 245 | _cJoel Bakan | ||
| 260 | _bJournal of Marketing Research | ||
| 260 | _c2016 | ||
| 300 | _a32:11-12, Pages: 1183-1189 | ||
| 500 | _aSeptember | ||
| 650 | _xMarketing. | ||
| 999 |
_c315983 _d315983 |
||